000 01623cam a22004814i 4500
003 PE-LiUPU
005 20250731173152.0
008 150623s r 000 0 d
020 _a0801091454
035 _a(Sirsi) i9780801091452
040 _aPE-LiUPU
_bspa
_cPE-LiUPU
_erda
049 _aPRUA
082 0 4 _a253.7
_bG73S
_221
100 1 _aGorman, Julie A.,
_eautor.
245 1 0 _aCommunity that is christian /
_cJulie A. Gorman.
250 _a2a
264 1 _aGrand Rapids, Michigan :
_bBaker Books,
_c2002.
300 _a262 páginas :
_bilustraciones tablas ;
_c23 centímetros
336 _atext
_2rdacontent
337 _aunmediated
_2rdamedia
338 _avolume
_2rdacarrier
504 _aIncluye bibliografía.
505 0 _aThe big picture of community. True community. Group development. The ministry of groups.
526 _aSEG42
526 _aSEG41
526 _aSEG40
526 _aSEG39
526 _aP94
526 _aP87
526 _aP86
526 _aP85
526 _aP77
526 _aP76
526 _aP35
650 0 4 _aPequeños grupos
_xAspectos religiosos
_vManuales.
650 0 4 _aTrabajo de grupos de iglesia.
942 _2ddc
_cBOOK
949 _a253.7 G73S
_wDEWEY
_c1
_i53493
_lCCODEBUL1
_mBUL
_p18.00
_r0
_sY
_tBOOK
_u2015-6-24
_xTEOLOGIA
_PP35
_0COMPRA
_o.STAFF. Colección General
994 _aC0
_bPEPRU
596 _a1
999 _a253.7 G73S
_wDEWEY
_c35494
_i53493
_f2021-11-12
_g5
_lCCODEBUL1
_mBUL
_p18.00
_r0
_sY
_tBOOK
_u2015-6-24
_xTEOLOGIA
_PP35
_0COMPRA
_o.STAFF. Colección General
_d35494
980 _81
_gALBERTO SANCHEZ Responsable de Automatización